LEADER 01113nam2-2200361---450- 001 990001261160203316 005 20060209101449.0 035 $a000126116 035 $aUSA01000126116 035 $a(ALEPH)000126116USA01 035 $a000126116 100 $a20031114d1980----km-y0itay0103----ba 101 0 $ager 102 $aDE 105 $aa|||||||001yy 200 1 $a<<1.2>>: <> Sarkophage mit Darstellungen aus dem Menschenleben. Die romischen Jagdsarkophage$fberbeitet von Bernard Andreae 210 $dc1980 215 $a198 p., 64 c. di tav.$cill. 410 0$12001 454 1$12001 461 1$1001000126110$12001 676 $a732 702 1$aANDREAE,$bBernard 801 0$aIT$bsalbc$gISBD 912 $a990001261160203316 951 $aXI.5.B. 215(VII S 10/1.2)$b18325 L.M.$cVII S 959 $aBK 969 $aUMA 979 $aSIAV7$b10$c20031114$lUSA01$h1428 979 $aPATRY$b90$c20040406$lUSA01$h1730 979 $aCOPAT6$b90$c20060209$lUSA01$h1014 996 $aSarkophage mit Darstellungen aus dem Menschenleben. Die romischen Jagdsarkophage$9986298 997 $aUNISA